| 000 | 00840cab a22002055a 4500 | ||
|---|---|---|---|
| 001 | L142341 | ||
| 008 | 080206e20080201xxka f 000 0 eng d | ||
| 035 | _a(Sirsi) u142341 | ||
| 041 | 0 | _aeng | |
| 100 | 1 | _aJansen, Mark | |
| 245 | 0 | 3 | _a...And counting |
| 260 | _c2008 | ||
| 490 | 0 |
_aProperty Week _v73(5) 1 February 2008, 85-87(3) |
|
| 520 | _aReports on the business rates payable on empty commercial property which comes into effect on 1 April 2008. Suggests that time is running out for landlords, occupiers and developers who now face large bills for empty space. Gives advice on how to avoid paying under the new rates regime. | ||
| 590 | _aKA | ||
| 650 | 2 | 4 | _aRATING (EMPTY PROPERTIES) ACT 2007 |
| 651 | 4 |
_aUnited Kingdom _y |
|
| 690 | _aPROPERTY-COMMERCIAL PROPERTY- COMMERCIAL PROPERTY TAXATION-BUSINESS RATES | ||
| 942 | _n0 | ||
| 999 |
_c79784 _d79784 |
||